[Event "Stay Safe Play From Home 235"]
[Site "Emanuel Lasker Arena"]
[Date "2020.06.18"]
[Round "9"]
[White "Mepe_Nika"]
[Black "Grazie"]
[Result "1-0"]
[WhiteElo "2363"]
[BlackElo "1808"]
[Annotator "TA"]
[PlyCount "43"]
[EventDate "2020.06.18"]
[EventType "swiss (blitz)"]

{[%evp 9,43,12,45,21,45,35,70,72,71,64,56,0,49,19,113,112,133,135,137,137,150,114,141,120,147,152,191,192,194,186,262,252,720,708,702,700]} 1. d4 e6 2. Bf4 d5 3. e3 Bd6 4. Bxd6 Qxd6 5. c4 a6 6. Nc3 {D00: 1 d4 d5: Unusual lines.} dxc4 7. Bxc4 b5 8. Bd3 {White is slightly better.} Bb7 {[#]} 9. Nf3 $146 ({Predecessor:} 9. Be4 Bxe4 10. Nxe4 Qd5 11. Qf3 Nd7 12. Ne2 Rc8 13. Nf4 Qc4 14. b3 Qb4+ 15. Ke2 {1-0 (73) Gonda,L (2448)-Banusz,T (2460) Budapest 2005}) 9... Nd7 10. O-O ({White should try} 10. a4 $14) 10... Rd8 11. Ne4 (11. Be4 {is more complex.} c6 12. Ne2 Ngf6 13. Ng3 O-O 14. Qc2) 11... Qe7 (11... Bxe4 $1 $11 12. Bxe4 Ngf6) 12. Rc1 $36 {[%mdl 2048] Keeping Black busy.} Bxe4 13. Bxe4 Ngf6 14. Bc6 O-O 15. Qc2 h6 16. Bxd7 Rxd7 17. Ne5 Rd5 18. Qxc7 Qxc7 19. Rxc7 Rfd8 (19... Rdd8 {was necessary.} 20. Rc6 Ra8) 20. Nxf7 Ne4 $2 {[#]} (20... R8d7) 21. Nxd8 $18 Rxd8 22. Rfc1 {Accuracy: White = 80%, Black = 36%.} 1-0

[Event "Stay Safe Play From Home 235"]
[Site "Emanuel Lasker Arena"]
[Date "2020.06.18"]
[Round "9"]
[White "SoulofWolf"]
[Black "Trotsky"]
[Result "1-0"]
[WhiteElo "2177"]
[BlackElo "1506"]
[Annotator "TA"]
[PlyCount "69"]
[EventDate "2020.06.18"]
[EventType "swiss (blitz)"]

{[%evp 9,69,-4,0,2,50,-39,0,0,-2,-65,129,125,132,127,147,149,143,127,167,156,377,373,419,372,388,374,381,0,0,0,297,71,545,593,1277,1214,2348,1136,29987,2424,1406,1052,1027,1030,29980,29974,29974,29974,29986,29980,29974,6150,29984,29985,29988,29989,29993,29994,29995,29996,29996,29997]} 1. d4 d5 2. Nf3 e6 3. Bg5 f6 4. Bh4 c5 5. c3 Nc6 6. e3 {D02: 1 d4 d5 2 Nf3 sidelines, including 2...Nf6 3 g3 and 2...Nf6 3 Bf4.} c4 {[#]} 7. a3 $146 ({Better is} 7. b3 $14) ({Predecessor:} 7. Nbd2 Nge7 8. e4 Ng6 9. Bg3 Bd6 10. Qc2 Bxg3 11. hxg3 Qe7 12. O-O-O f5 13. exd5 exd5 {1-0 (31) Pomar Mir,F (1777)-Bujosa Mas,M (1423) Campos 2016}) 7... g5 8. Bg3 $1 {The position is equal.} h5 9. h4 (9. h3 $1 $11) 9... Bd6 $2 (9... g4 $15 {keeps the upper hand.} 10. Nfd2 Nge7) 10. Bxd6 $16 Qxd6 11. hxg5 Bd7 12. Nbd2 O-O-O 13. e4 fxg5 14. Nxg5 {Threatens to win with Nf7.} Nf6 $2 (14... Qf4 $16) 15. Nf7 $1 $18 {[%csl LRd6,LRd8,LRh8][%mdl 64] Double Attack} Qc7 16. Nxd8 ({Much less strong is} 16. Nxh8 Rxh8 17. e5 Ng4 $18) 16... Nxd8 17. e5 Ng4 18. Qxg4 $2 (18. Be2 $18 Rf8 19. Bxg4 hxg4 20. Qxg4) 18... hxg4 $11 19. Rxh8 {Strongly threatening Rh7.} b6 $2 {[%mdl 8192] White leaves nothing to chance now.} (19... Ba4 $1 $11 {and Black stays safe.}) 20. O-O-O $2 (20. Be2 $18 {has better winning chances.}) 20... Kb7 $2 {[%mdl 8192]} (20... Ba4 $16 {is more resistant.}) 21. Be2 $18 Qc6 22. Rxd8 Qa4 23. Bxg4 b5 24. Rf8 (24. Rxd7+ $142 Kb6 25. Rd6+ Kb7 26. Rh1 Qa5 27. Bxe6 Qc7 28. Bxd5+ Kb8 29. Rh8+ Qc8 30. Rxc8+ Kxc8 31. e6) 24... b4 25. cxb4 c3 26. Rf7 cxb2+ 27. Kxb2 Kb6 28. Rc1 Bc6 29. Bxe6 a5 30. Rf8 (30. bxa5+ $142 Qxa5 31. Nb3 Qb5 {[#]} 32. a4 $1 {[%mdl 512]} Qb4 33. a5+ Kb5 34. Rxc6 $1 {[%mdl 512]} Ka4 35. Bxd5 Qa3+ 36. Kb1) 30... axb4 31. Rb8+ {White mates.} Ka7 32. Rxb4 Qa5 33. Rxc6 Qa6 34. Rxa6+ Kxa6 35. Bxd5 {Accuracy: White = 53%, Black = 20%.} 1-0

[Event "Stay Safe Play From Home 235"]
[Site "Emanuel Lasker Arena"]
[Date "2020.06.18"]
[Round "9"]
[White "Weltszmerc"]
[Black "Lazieri3"]
[Result "1-0"]
[WhiteElo "2158"]
[BlackElo "2142"]
[Annotator "TA"]
[PlyCount "77"]
[EventDate "2020.06.18"]
[EventType "swiss (blitz)"]

{[%evp 9,77,-3,55,23,60,45,107,73,541,101,183,126,162,153,283,54,52,12,33,-252,224,249,327,207,451,401,529,495,501,452,641,612,883,859,1531,844,1247,1202,1814,-159,-140,-1482,0,0,0,-373,0,0,829,-302,4414,4890,2536,2226,12268,12033,29984,29985,29981,29982,29989,29990,29990,29991,29992,29990,29990,29991,29996,29996]} 1. d4 d5 2. c4 c6 3. Nf3 Nf6 4. g3 Bf5 5. Qb3 Qc8 (5... Qb6 $11) 6. Bg2 {D11: Slav Defence: 3 Nf3 sidelines and 3...Nf6 4 e3 Bg4.} dxc4 7. Qxc4 {[#]} Bh3 $146 ({Black should play} 7... e6 $14) ({Predecessor:} 7... Be6 8. Qc2 Bf5 9. Qb3 Be6 10. Qc2 Bh3 11. O-O Bxg2 12. Kxg2 g6 13. b3 Bg7 {0-1 (29) Aponte Castillo,J (2030)-Salcedo,P (2197) Medellin 2016}) 8. O-O {White is better.} h5 $2 {[%mdl 8192]} (8... Bxg2 $16 9. Kxg2 Nbd7) 9. Bg5 $2 (9. Bxh3 $18 {and the rest is easy.} Qxh3 10. Ng5 {[%mdl 64] Double Attack}) 9... h4 (9... Bxg2 $16 {is a better defense.} 10. Kxg2 Ne4) 10. Bxh4 (10. Bxh3 $18 Qxh3 11. Bxh4) 10... Bxg2 11. Kxg2 g5 (11... Ne4 $16 {was called for.}) 12. Bxg5 $2 (12. Nxg5 $18 Nd5 13. e4) 12... Qh3+ $1 $14 13. Kg1 {aiming for Bxf6.} Ng4 $1 {[%cal Rg4h2]} 14. Bh4 $2 {[%mdl 8192]} (14. Re1 $14 {stays ahead.}) 14... Rh5 $4 {[%mdl 8192]} (14... Rxh4 $1 $19 15. gxh4 e6) 15. Nbd2 $18 Rf5 16. Qb3 b6 $2 (16... Rb5 {might work better.}) 17. Rfd1 Nd7 18. Rac1 Rc8 19. e4 Rxf3 (19... Rh5 $142 20. Qa4 {[%mdl 64] Double Attack} Rd8 21. Rxc6 Rxh4 22. gxh4 Bh6 23. Rxh6 Nxh6 24. Qxa7 Rc8) 20. Nxf3 e6 21. d5 Be7 22. dxc6 Nc5 23. Qb5 Bxh4 24. gxh4 $2 (24. Rxc5 $18 e5 25. c7+ Kf8 26. Qa6 Nxh2 27. Nxh4) 24... Qxf3 $17 {[%mdl 64] Double Attack} 25. c7+ $2 {[%mdl 8192] [#]} (25. Qf1 $17) 25... Kf8 $2 (25... Ke7 $1 $19 {[%mdl 512]} 26. Qf1 Ne3 $1 {[%mdl 576] Double Attack, Pin}) 26. Rd8+ $11 Kg7 27. Qf1 $2 {[%mdl 8192] [#]} (27. Rc2 $1 $11 Rxc7 28. Qe8 Nxe4 29. Qh8+ Kg6 30. Rg8+ Kf5 31. Qh5+ Kf6 32. Qh8+ (32. Rxg4 Qd1+ {[%mdl 64] Double Attack} 33. Kg2 Qxc2 $17 {[%mdl 64] Double Attack}) 32... Kf5 33. Qh5+ Kf6 34. Qh8+ (34. Rxg4 $2 Qd1+ {[%mdl 64] Double Attack} 35. Kg2 Qxc2 $17 {[%mdl 64] Double Attack}) 34... Kf5) 27... Rxc7 $2 ({Black should try} 27... Qf4 $1 $19 {[%csl Gg4][%cal Rf4h2][%mdl 512]} 28. Qh3 Qxc1+ 29. Kg2 Qf4 30. Qc3+ {[#]} Kg6 $1 {[%mdl 512]}) 28. Qg2 Nd3 $2 {[%mdl 8192]} (28... Qxg2+ $11 29. Kxg2 Re7) 29. Qxf3 $4 {[%mdl 8192]} (29. Rxc7 $18 {was the only winning move.} Qxg2+ 30. Kxg2) 29... Nde5 $4 {[%mdl 8192]} (29... Rxc1+ $19 30. Kg2 Ne1+ {[%mdl 64] Double Attack} 31. Kh3 Nxf3 32. Kxg4 Ne5+ 33. Kf4 Ng6+ 34. Kg4 Rg1+ 35. Kf3 Nxh4+ 36. Ke2 Kf6) 30. Qxg4+ $18 Nxg4 31. Rxc7 Nf6 {[#]} 32. Rdd7 $1 Nxe4 (32... Nxd7 33. Rxd7) 33. Rxf7+ {White mates.} Kg6 34. Kg2 Nd2 {[#]} 35. h5+ $1 Kxh5 36. Rg7 Kh6 37. Rg8 Ne4 38. Rcg7 Ng5 39. Rg6+ {Accuracy: White = 21%, Black = 18%.} 1-0

[Event "Stay Safe Play From Home 235"]
[Site "Emanuel Lasker Arena"]
[Date "2020.06.18"]
[Round "9"]
[White "Position"]
[Black "Lamborghini"]
[Result "0-1"]
[WhiteElo "2086"]
[BlackElo "2256"]
[Annotator "TA"]
[PlyCount "120"]
[EventDate "2020.06.18"]
[EventType "swiss (blitz)"]

{[%evp 10,120,8,4,10,8,19,-22,-14,-25,-22,-82,-75,-69,-54,-51,-60,-113,-70,-124,-122,-120,-120,-132,-118,-106,-98,-115,-104,-169,-166,-184,-158,-136,-9,-75,16,15,130,126,129,57,78,60,77,23,62,-117,0,-377,0,-410,4,-94,22,8,197,-339,0,0,0,0,0,-181,0,0,0,0,12,12,23,0,0,0,14,0,0,0,0,12,21,8,8,0,42,50,83,77,102,98,89,93,270,-41,-41,-345,-345,-395,-177,-257,-251,-437,-437,-727,-701,-717,44,0,0,-229,0,0,0]} 1. e3 g6 2. d4 Bg7 3. h3 Nf6 4. Nf3 O-O 5. Bd3 d6 6. O-O Nc6 {A48: 1 d4 Nf6 2 Nf3 g6: Torre, London and Colle Systems.} 7. c3 e5 {[#]} 8. Bb5 $146 ({Predecessor:} 8. Qc2 Re8 9. dxe5 Nxe5 10. Nxe5 dxe5 11. e4 Be6 12. Bg5 h6 13. Be3 Nh5 14. Na3 Nf4 15. Bxf4 exf4 16. Rad1 Qg5 17. Be2 Bxh3 18. Bf3 Bxg2 {0-1 (18) Hellmann,O (1529)-Charles,G (2085) Townsville 2017}) 8... e4 9. Nfd2 Ne7 10. Qe2 (10. Be2 $11) 10... c6 11. Ba4 h5 12. Bc2 d5 13. f3 (13. c4 $15) 13... exf3 14. Nxf3 (14. Qxf3 $15 Bf5 15. e4 dxe4 16. Bxe4) 14... Nf5 $36 {[%mdl 2048] Black is really pushing.} 15. Bxf5 Bxf5 ({Of course not} 15... gxf5 $6 16. Bd2 $11) 16. Nbd2 Re8 17. Qf2 Qd7 18. Ne5 Qe6 19. Ndf3 (19. b3 $17) 19... Ne4 $19 20. Qe1 f6 21. Nd3 Rad8 (21... g5 $17 22. Nc5 Nxc5 23. dxc5 Qf7) 22. Nf4 (22. Nh4 $11 {keeps the balance.}) 22... Qd6 ({Better is} 22... Qc8 $17 23. Nh4 Kf7) 23. Nh4 $11 Kh7 (23... Qd7 $11) 24. Nxf5 $16 gxf5 25. Nxh5 (25. Qh4 $16) 25... Bh6 26. Rxf5 Rg8 27. Qf1 (27. a4 $16) 27... Rg6 $11 {With the idea ...Rdg8.} 28. Nf4 $2 (28. g4 $14 {keeps the upper hand.}) 28... Bxf4 (28... Ng3 $1 $17 {[%cal Rg3f1]} 29. Qd3 Nxf5 30. Nxg6 Kxg6) 29. exf4 $4 {[%mdl 8192]} (29. Qxf4 $11 Qxf4 30. Rxf4) 29... Rdg8 $2 (29... Ng3 $1 $19 {[%cal Rg3f1]} 30. Qd1 Nxf5 31. Qh5+ {[%mdl 64] Double Attack} Kg7 32. Qxf5 Re8) 30. g4 $2 {[%mdl 8192] [#]} (30. Rh5+ $11 {and White stays safe.} Kg7 31. Qd1) 30... Kg7 $2 ({Black should try} 30... Rxg4+ $1 $19 {[%mdl 512]} 31. hxg4 Rxg4+ 32. Kh2 Rh4+ 33. Kg1 Qd7 34. Rh5+ Rxh5) 31. Be3 (31. Qf3 $1 $11 {remains equal.}) 31... Qe6 (31... Ng3 $17 32. Qd3 Qd7) 32. Kh2 {aiming for Rh5.} Rh8 $2 {[#]} ({But not} 32... Nd6 $2 33. Rh5 $18 (33. Qd3 Kf8 $17)) (32... Rh6 $1 $11) 33. Qg2 $4 {[%mdl 8192]} (33. Rh5 $1 $18 {[%cal Rh5h8] is the narrow road to win.} Qd6 34. Rxh8 Kxh8 35. Kg1) 33... Qxf5 $2 (33... Nd6 $19 34. Qf3 Nxf5 35. gxf5 Qxf5) 34. gxf5 Rxg2+ 35. Kxg2 $19 {[%mdl 4096] Endgame KRB-KRN} Kf7 36. Kf3 $2 (36. Re1 $11) 36... Nd6 $2 (36... Rxh3+ $19 37. Ke2 Rh2+ 38. Kf3 Rxb2) 37. Rh1 Nxf5 38. Bf2 Rh5 39. h4 Rh8 40. Kg4 Nh6+ 41. Kf3 f5 42. Rg1 Ng4 43. Bg3 Kf6 44. Re1 Rg8 45. Re2 Kf7 46. Re1 Nf6 47. Re5 Ne4 48. Rxf5+ Ke6 49. Re5+ Kf6 50. Bf2 $1 Rh8 $2 (50... Nd2+ $16 51. Ke2 Rg2) 51. Rg5 $2 (51. h5 $18) 51... Nxg5+ $15 52. hxg5+ $2 {[%mdl 8192] KR-KB} (52. fxg5+ $15 Kf5 53. a3) 52... Kf5 $19 53. Bg3 Rg8 (53... Rh1 $142 {White must now prevent ...Rb1.} 54. Ke3 Kg4) 54. Kg2 (54. Bf2 {might work better.}) 54... Rg6 55. Kh3 $2 (55. Kf3) 55... Re6 56. Bh2 (56. a4 $142) 56... Re2 57. Bg3 Kg6 $2 (57... Rxb2 $19 58. a4 a5) 58. Kg4 $14 Re4 $1 59. Kf3 $2 (59. b4 $11 {and White has nothing to worry.}) 59... b6 $2 ({Black should play} 59... Kf5 $19 60. a3 b6) 60. Kg4 $11 c5 {[%mdl 32768] What a fight! Accuracy: White = 43%, Black = 51%. . Loss on time!?} 0-1

[Event "Stay Safe Play From Home 235"]
[Site "Emanuel Lasker Arena"]
[Date "2020.06.18"]
[Round "9"]
[White "NeatFox"]
[Black "little champs"]
[Result "0-1"]
[WhiteElo "1773"]
[BlackElo "2266"]
[Annotator "TA"]
[PlyCount "96"]
[EventDate "2020.06.18"]
[EventType "swiss (blitz)"]

{[%evp 9,96,-7,209,218,254,196,321,332,316,313,325,302,339,328,338,325,370,335,436,418,445,419,435,436,452,452,447,381,486,358,354,338,388,352,343,362,355,372,372,370,362,337,364,200,542,542,1130,1130,29988,907,2747,222,227,184,1560,229,678,0,0,0,227,0,0,-607,-588,-475,236,-29989,-29990,-29997,-29998,-29998,-29993,-29993,-29994,-29994,-29991,-29996,-29997,-29997,-29998,-29999,-29994,-29995,0,-29999,-29998,-29999,-29999]} 1. g4 c6 2. Bg2 d5 3. c4 Nf6 4. cxd5 {[#]} cxd5 $146 ({Predecessor:} 4... Nxd5 5. h3 g6 6. d4 Qa5+ 7. Kf1 Bg7 8. Nf3 h6 9. e4 Nf6 10. Nc3 Be6 {0-1 (40) Hughes,G (1849)-Modi,K (1725) Llandudno 2017}) 5. g5 Nc6 $2 (5... Ng8 $11) 6. gxf6 $18 {A00: Irregular Openings.} exf6 7. Nc3 Be7 (7... d4 {was necessary.}) 8. Nxd5 {White has a decisive advantage.} O-O 9. Nxe7+ Qxe7 10. Nf3 Be6 11. O-O Bd5 12. d3 Rfe8 13. Be3 Bxf3 14. Bxf3 a6 15. Qc2 Ne5 16. Bg2 Rac8 17. Qd2 Ng4 18. h3 Ne5 19. d4 Nc4 20. Qd3 b5 21. Bf4 Nxb2 22. Qb3 Nc4 23. Qg3 g5 24. h4 h6 25. hxg5 hxg5 26. Kh2 (26. e4 $142) 26... Qxe2 $2 {[#]} (26... Kf8 {is more resistant.} 27. Bc1 Qxe2) 27. Bxg5 $1 {[%mdl 512]} fxg5 28. Qxg5+ Kh7 29. Qh4+ (29. Rg1 $142 Ne5 30. Be4+ Ng6 31. Bxg6+ Kg7 32. Bxf7+ $1 {[%mdl 512]} Kf8 33. Qg7+ Ke7 34. Bxe8+ Kxe8 35. Rae1 $1 {[%mdl 512]}) 29... Kg6 30. Qg3+ $2 (30. Bh3 {White wants to mate with Rg1+.} Kg7 31. Rg1+ Kf8 32. Qh6+ Ke7 33. Rae1 $1 {[%mdl 512]} Qxe1 34. Rxe1+ Kd8 35. Rxe8+ Kxe8 36. Bxc8) 30... Kf6 31. Qf4+ Ke7 $2 {[#]} (31... Kg7) 32. Qg5+ $2 (32. Rae1 $1 {[%mdl 512]} Rh8+ 33. Kg1 Qxe1 34. Rxe1+ Kf8 35. Qf5) 32... Kd6 $2 (32... f6 33. Qg7+ Kd6 34. Qxf6+ Re6 35. Qf4+ Kd7) 33. Qf6+ $2 (33. Qd5+ $18 Kc7 34. Rfe1 Qh5+ 35. Qxh5) 33... Re6 $1 $11 {[%cal Re6f6]} 34. Qf4+ Kd7 $2 (34... Ke7 $11 {and Black is okay.}) 35. Bh3 $2 (35. Qxf7+ $18 Kd6 36. Bh3) 35... Rh8 $1 {aiming for ...Qh5!} 36. Kg3 $2 {[%mdl 8192] [#]} (36. Qxf7+ $11 Kd8 37. Rg1 Rxh3+ 38. Kxh3 Rh6+ 39. Kg3 Qd3+ {[%mdl 64] Double Attack} 40. f3 Rg6+ 41. Kh3 Rh6+ 42. Kg3 Rg6+ 43. Kh3 Rh6+ 44. Kg3) 36... Rxh3+ $1 {[%mdl 512]} 37. Kxh3 Nd2 $4 {[%mdl 8192]} (37... Qd3+ $19 {and all is fine.} 38. f3 Qh7+ 39. Kg3 Qg6+ 40. Qg4 Ne3 {[%mdl 64] Double Attack}) 38. Rfc1 $4 {[%mdl 8192]} (38. Qxf7+ $18 Kd6 39. Qf4+ Kc6 40. f3) 38... Qh5+ 39. Kg3 Rg6+ 40. Qg5 Rxg5+ 41. Kf4 Qg4+ 42. Ke3 Nc4+ 43. Kd3 Qf3+ {[%mdl 64] Double Attack} 44. Kc2 Qxf2+ {[%mdl 64] Double Attack} 45. Kb3 Nd2+ 46. Ka3 Nc4+ $2 (46... Rg3+ {mates} 47. Kb4 Qxd4+ 48. Rc4 Nxc4 49. Rd1 Qxd1 50. Kc5 Qd6#) 47. Kb4 $2 {[%mdl 8192]} (47. Kb3 $11 Qb2#) 47... Qd2+ 48. Kb3 Rg3+ {Accuracy: White = 45%, Black = 36%.} 0-1

[Event "Stay Safe Play From Home 235"]
[Site "Emanuel Lasker Arena"]
[Date "2020.06.18"]
[Round "9"]
[White "Klasman"]
[Black "Haris kollari 13"]
[Result "0-1"]
[WhiteElo "1273"]
[BlackElo "1715"]
[Annotator "NA RC"]
[PlyCount "44"]
[EventDate "2020.06.18"]
[EventType "swiss (blitz)"]

1. f4 {[%emt 0:00:02]} e6 {[%emt 0:00:00]} 2. e4 {[%emt 0:00:01]} d5 {[%emt 0:00:00]} 3. e5 {[%emt 0:00:01]} c5 {[%emt 0:00:01]} 4. Nf3 {[%emt 0:00:01]} Nc6 {[%emt 0:00:01]} 5. a3 {[%emt 0:00:02]} f6 {[%emt 0:00:01]} 6. c3 {[%emt 0:00:01]} fxe5 {[%emt 0:00:01]} 7. fxe5 {[%emt 0:00:01]} Qc7 {[%emt 0:00:01]} 8. d4 {[%emt 0:00:02]} a6 {[%emt 0:00:03]} 9. Ng5 {[%emt 0:00:04]} h5 {[%emt 0:00:05]} 10. Qf3 {[%emt 0:00:03]} Nh6 {[%emt 0:00:02]} 11. Bd3 {[%emt 0:00:02]} Nf5 {[%emt 0:00:03]} 12. Bxf5 {[%emt 0:00:03]} exf5 {[%emt 0:00:01]} 13. O-O {[%emt 0:00:04]} cxd4 {[%emt 0:00:01]} 14. e6 {[%emt 0:00:03]} g6 {[%emt 0:00:06]} 15. Nf7 {[%emt 0:00:02]} Rh7 {[%emt 0:00:03]} 16. Bg5 {[%emt 0:00:03]} Bxe6 {[%emt 0:00:01]} 17. Bf4 {[%emt 0:00:12]} Qxf7 {[%emt 0:00:02]} 18. Nd2 {[%emt 0:00:04]} dxc3 {[%emt 0:00:02]} 19. bxc3 {[%emt 0:00:01]} O-O-O {[%emt 0:00:01]} 20. c4 {[%emt 0:00:02]} Bd6 {[%emt 0:00:03]} 21. cxd5 {[%emt 0:00:02]} Bxd5 {[%emt 0:00:02]} 22. Qc3 {[%emt 0:00:03]} Bxf4 {[%emt 0:00:02] Time (Lag: Av=0.47s, max=1.0s)} 0-1